• 首页
  • 本馆介绍
  • 公告通知
  • 最新文献
  • 馆藏检索
  • 电子资源
  • 读者导购
  • 参考咨询
  • 我的图书馆
  • 登录
  • 详细信息显示
  • 放入我的书架
  • 预约/预借图书
  • 作者相关作品
  • 分类相关作品
  • 丛书相关作品
  • 出版社相关作品

书目信息

  • 表格格式
  • 工作单格式
  • 卡片格式
题名:
教育生态学
    
 
作者: 范国睿 著
分册:  
出版信息: 北京   人民教育出版社  2000
页数: 23,317页
开本: 20cm
丛书名: 教育科学分支学科丛书
单 册:
中图分类: G40-052.4 , G40-052
科图分类:
主题词: 教育生态学
电子资源:
ISBN: 7-107-13480-9
000 00879oam2 2200265 450
001 1571173290
005 20150129194635.58
010    @a7-107-13480-9@dCNY21.90
100    @a20001020d2000 em y0chiy0110 ea
101 0  @achi
102    @aCN@b110000
105    @ay z 000yy
200 1  @a教育生态学@9jiao yu sheng tai xue@f范国睿著
210    @a北京@c人民教育出版社@d2000
215    @a23,317页@d20cm
225 2  @a教育科学分支学科丛书
300    @a教育部“九五”规划重点图书 人民教育出版社资助出版
330    @a本书主要介绍了文化与教育生态,人口与教育生态,教育资源与教育生态,学校生态分布,学校生态环境、课堂生态环境以及可持续发展战略与教育等内容。
461  0 @12001 @a教育科学分支学科丛书
606 0  @a教育生态学
690    @aG40-052.4@v5
690    @aG40-052@v4
701  0 @a范国睿@9fan guo rui@4著
801  0 @aCN@bTSSF@c20150129
905    @aZUCC@dG40-052@eJY17
    
    教育生态学/范国睿著.-北京:人民教育出版社,2000
    23,317页;20cm.-(教育科学分支学科丛书)
    教育部“九五”规划重点图书 人民教育出版社资助出版
    
    ISBN 7-107-13480-9:CNY21.90
    本书主要介绍了文化与教育生态,人口与教育生态,教育资源与教育生态,学校生态分布,学校生态环境、课堂生态环境以及可持续发展战略与教育等内容。
●
相关链接 在E读中查询图书 在五车中查询图书 在当当中查询图书 在豆瓣中查询图书


正题名:教育生态学     索取号:G40-052/JY17         预约/预借

序号 登录号 条形码 馆藏地/架位号 状态 备注
1 7859477   278594772   学院路分馆/ [索取号:G40-052/JY17] 在馆    
2 7859478   278594781   学院路分馆/ [索取号:G40-052/JY17] 在馆    
唐山师范学院图书馆 欢迎您!
大连网信软件有限公司© 版权所有